Learning photoshop 7 (Record no. 3258)

MARC details
000 -LEADER
fixed length control field 00523 a2200169 4500
020 ## - INTERNATIONAL STANDARD BOOK NUMBER
Terms of availability 70.00
035 ## - SYSTEM CONTROL NUMBER
System control number B-84819
037 ## - SOURCE OF ACQUISITION
Source of stock number/acquisition RP-CJ-3 / PANSY-04-05:18 / RP-04-05:ENG
082 14 - DEWEY DECIMAL CLASSIFICATION NUMBER
Classification number 005.369
090 ## - LOCALLY ASSIGNED LC-TYPE CALL NUMBER (OCLC); LOCAL CALL NUMBER (OCLC)
-- 3323
-- 3323
100 1# - MAIN ENTRY--PERSONAL NAME
Personal name Bangia, Ramesh
245 1# - TITLE STATEMENT
Title Learning photoshop 7
Statement of responsibility, etc by Ramesh Bangia
260 ## - PUBLICATION, DISTRIBUTION, ETC. (IMPRINT)
Place of publication, distribution, etc Delhi
Name of publisher, distributor, etc Khanna Book Publishing
Date of publication, distribution, etc 2002
300 ## - PHYSICAL DESCRIPTION
Extent 302 p
Other physical details ill
Dimensions 22 cm (pbk)
942 ## - ADDED ENTRY ELEMENTS (KOHA)
Institution code [OBSOLETE] dpl
Koha item type English Books
Call number prefix 005.369 / BAN
Holdings
Withdrawn status Lost status Source of classification or shelving scheme Damaged status Not for loan Collection code Home library Current library Cost, normal purchase price Total Checkouts Full call number Barcode Date last seen Copy number Uniform Resource Identifier Cost, replacement price Price effective from Koha item type
    Dewey Decimal Classification     Non-fiction Central Jail Tihar Central Jail Tihar 70.00   005.369 BAN B-84819 15/09/2008 1 3467 70.00 15/09/2008 English Books

© Delhi Public Library
Hit Counter
free hit counter